000 00354nam a2200145Ia 4500
008 230711s9999||||xx |||||||||||||| ||und||
041 _aENG
082 _a4
_bNO-I
100 _aNorton,Peter
245 0 _aInside the IBM PC & PS/2
250 _a4th
260 _c1991
_aNew Delhi
_bUniversity Science Press
650 _aComputer Engineering
942 _cBK
999 _c2561
_d2561